000 00586cam a2200205ua 4500
001 9501
008 151121n ii |||gr||||Z||||||eng
020 _a9788192918617
040 _cMAIN
041 _aeng
082 _a891.451
245 _aGolden reminiscences :
_ba bilingual souvenir /
_ced. by Ananda Bormudoi .
250 _a1st ed.
260 _aDibrugarh:
_bRegistrar, Dibrugarh University,
_c2015.
300 _a455p.
653 _aEast Indo-European & Celtic literatures
653 _aSouvenir of DU golden jubilee
700 _aBormudoi, Ananda,
_eEditor.
942 _cBK
999 _c8544
_d8544